Etikai előadások.
Elmentve itt :
| Szerző: | |
|---|---|
| Adatforrás: | Philobibl |
| Dokumentumtípus: | Könyv |
| Nyelv: | magyar |
| Megjelent: |
Bp.
Lampel.
1915
|
| Sorozat: | Néptanítók Könyvtára. 51-52.
|
| LEADER | 00379nam a2200133 c 4500 | ||
|---|---|---|---|
| 001 | bibDOK00024771 | ||
| 005 | 20200924121908.3 | ||
| 008 | 060518s1915 hu hun | ||
| 100 | 1 | |a Bárány Gerő | |
| 245 | 1 | 0 | |a Etikai előadások. |c Bárány Gerő |
| 260 | |a Bp. |b Lampel. |c 1915 | ||
| 300 | |a 207 p. p. | ||
| 490 | 1 | |a Néptanítók Könyvtára. 51-52. | |
| 830 | 0 | |a Néptanítók Könyvtára. 51-52. | |